| 000 | 00686nam a2200217 i 4500 | ||
|---|---|---|---|
| 001 | bg | ||
| 245 | 0 | 0 |
_aNowa encyklopedia powszechna PWN / _c[red. prowadzący Dariusz Kalisiewicz]. _nT. 5, _pP-S. |
| 260 |
_aWarszawa : _bWydaw. Naukowe PWN, _c1996. |
||
| 300 |
_a1005, [3] s. : _bil. (gł. kolor.), faks., fot., mapy, nuty, portr., rys., wykr. ; _c30 cm. |
||
| 650 | 9 | _aEncyklopedia | |
| 700 | 1 |
_aKALISIEWICZ, Dariusz. _eRed. |
|
| 020 | _a8301119683 (t. 5) | ||
| 020 | _a830111097X (6 t.) | ||
| 040 | _cBPK | ||
| 041 | 0 | _apl | |
| 080 | _a0/9(03) | ||
| 920 | _a83-01-11968-3 (t. 5) | ||
| 920 | _a83-01-11097-X (6 t.) | ||
| 942 | _cKS | ||
| 008 | s pl f |000 0 pol | ||
| 999 |
_c31292 _d31292 |
||
| 856 |
_uhttp://koha.tu.koszalin.pl/cgi-bin/koha/opac-detail.pl?biblionumber=31292 _yKatalog online BPK |
||